000
00323nam a22001337a 4500
008
170926b xxu||||| |||| 00| 0 eng d
020
_a
9780761919308
041
_a
eng
080
_a
37
100
_a
46
101
_a
EDU
245
_a
CILLABORATIVE APPROACHES TO RESOLVING CONFLICT
_c
ISENHART.M.W
942
_2
udc
_c
BK
999
_c
30078
_d
30078